000 00579nam a22002177a 4500
003 OSt
005 20210419082731.0
008 210302s1977 ||||| |||| 00| 0 eng d
020 _a0671464817
040 _aeng
_beng
_cDLC
041 _aeng
080 _a821.111
_bL-36
100 _9504
_aLathen.Emma
245 _aBy Hook or by Crook
_c/ by: Pocket Books
260 _aNew York
_bPocket Books
_c1977
300 _a175 p.
365 _b2.95 usd
650 0 _9247
_aEnglish literature
653 _aინგლისური ლიტერატურა
942 _2udc
_cBK
999 _c1830
_d1830